Central Counterparties: Addressing the Too-Big-To-Fail Problem in Central Clearing

Hlavné prvky mechanizmu absorpcie straty a CCP, úloha stimulov a legislatívna diskusia v EÚ o vhodnom rámci pre odolnosť, ozdravenie a riešenie konfliktov centrálnych zmluvných strán.

Saved in:
Bibliographic Details
Main Author: Országhová, Lucia, 1982-
Format: Book Chapter
Language:English
Subjects:
Tags: Add Tag
No Tags, Be the first to tag this record!

MARC

LEADER 00000naa a2200000 4500
001 0247051
005 20240502073948.1
041 0 |a eng 
044 |a SK 
245 1 0 |a Central Counterparties: Addressing the Too-Big-To-Fail Problem in Central Clearing  |c Lucia Országhová 
520 |a Hlavné prvky mechanizmu absorpcie straty a CCP, úloha stimulov a legislatívna diskusia v EÚ o vhodnom rámci pre odolnosť, ozdravenie a riešenie konfliktov centrálnych zmluvných strán. 
610 2 0 |a banky centrálne 
610 2 0 |a stabilita finančná 
610 2 0 |a bankovníctvo 
610 2 0 |a regulácia finančná 
610 2 0 |a Európska únia 
100 1 |a Országhová, Lucia, 1982-